000 00622nam a2200193 a 4500
005 20251111063904.0
008 991125s1950 mx 000 0 spa u
035 _aUPN01000022636
049 _aCG
050 4 _aBF408
_bS6.3
100 1 _aSorokin, Pitirim Aleksandrovich,
_d1889-1968
245 1 0 _aEstructura mental y energías del hombre /
_cpor Pitirim A. Sorokin.
260 _aMéxico :
_bUNAM, Instituto de Investigaciones Sociales,
_c[195-?].
300 _a62 p.
440 0 _aCuadernos de sociología
650 2 _aCreación (literaria, artística, etc.)
_95738
650 4 _aInteligencia
_9939
905 _aLibro
999 _c22636
_d22636